00693nam a22001937a 450000500170000001000150001702000260003203500140005803700090007208200080008110000320008924500510012126000500017227000750022230000200029794200220031799900190033995201410035820240508145412.0 aENG-140151 c230.00a9789354910173 aEN-123683 bDBAD a920 aDeshmukh, Chintamani965944 aHomi Jehangir Bhabha/cBy Chintamani Deshmukh  aNew Delhi bIdeal Publishing Solutions c2022 a5 Institutional Area, Phase-II Vasant Kunj, New Delhi bDelhi e110070 a190p.c19cm(pb) 2ddccENmDESh920 c202150d202150 001040708NFICaAVbAVd2024-04-15eDBADg230.00l2m1oDES 920pEN-123683r2026-06-23 13:21:54s2026-06-09t1v230.00w2024-04-15yEN